000
00275pam a2200133 a 4500
020
_c
041
_h
100
_a
S. H. Howard,
_e
Author.
245
_a
Forest Pocket Book
_h
Textual Documents
250
_a
1st.
260
_a
[s.l]:
_b
Nat
300
_a
555.
930
_a
2341
999
_c
248192
_d
248192